000
00301nam a22001337a 4500
008
171016b xxu||||| |||| 00| 0 eng d
020
_a
9780136125082
041
_a
eng
080
_2
3RD
_a
33
100
_a
52
101
_a
EKO
245
_a
INTRODUCTION TO ECONOMETRICS
_c
STOCK,J.H
942
_2
udc
_c
BK
999
_c
34088
_d
34088